000 00910nas1a22003011i 4500
001 RU\NLR\INFOCOMM7\1000085231
005 20240723100513.0
035 _a(NLR Aleph) 002331698
090 _a4452987
_c4452987
100 _a20041025c1831 |||y0rusy50 ca
101 0 _arus
102 _aRU
110 _azyu||||0|y0
200 1 _aСанкт-Петербургский вестник
_eЖурн. словесности, театра, новостей и музыки
_fАладьин Е.
207 1 _aТ.1-4
210 _d1831
300 _aТакже м/ф
702 1 _aАладьин
_bЕ.
_4650
801 1 _aRU
_bInfoComm
_c20041025
801 0 _aRU
_bNLR
_gPSBO
852 _aNLR
_j1/367
942 _cSE
980 _aRUSPER